Score 0/30 Timer 03:00
1 Play Today
Hint Answer % Correct
Meg RyanHarry
96%
Meg RyanSeattle
95.4%
Julia RobertsPretty
94.5%
Robert RedfordSundance
94.2%
Meg RyanMail
93.9%
Alan RickmanStone
92.4%
Ryan ReynoldsHorror
91.8%
Julia RobertsEnemy
91.6%
Julia RobertsOcean's
91.5%
Alan RickmanDie
89%
Julia RobertsPelican
87.9%
Alan RickmanPrince
86.2%
Alan RickmanActually
85.6%
Meg RyanUnder
84.3%
Robert RedfordAfrica
80.1%
Hint Answer % Correct
Kurt RussellChina
79.3%
Julia RobertsBrockovich
78.2%
Alan RickmanQuest
74.7%
Ryan ReynoldsLantern
73.5%
Meg RyanVersus
73.3%
Robert RedfordPresident's
71.7%
Kurt RussellTango
70.8%
Kurt RussellEscape
63.5%
Ryan ReynoldsDefinitely
59.1%
Kurt RussellHateful
58.7%
Ryan ReynoldsVan
56.6%
Robert RedfordCondor
55.9%
Ryan ReynoldsWolverine
55.2%
Robert RedfordGame
47.8%
Kurt RussellDeath
28.5%

Today's Daily Dose

Remove Ads.
Support Sporcle.
Get the best of Sporcle when you Go Orange. This ad-free experience offers more features, more stats, and more fun while also helping to support Sporcle. Thank you for becoming a member.

You're not logged in!

Compare scores with friends on all Sporcle quizzes.
OR
Log In

Show Comments

Extras

Top Quizzes Today


Score Distribution

Your Account Isn't Verified!

In order to create a playlist on Sporcle, you need to verify the email address you used during registration. Go to your Sporcle Settings to finish the process.

Report this User

Report this user for behavior that violates our Community Guidelines.

Details: